Электропривод переменного тока газоперекачивающего агрегата ЭГПА-4; Электротехника, электромеханика и электротехнологии; Т. 2: Секция 3-7. Электропривод. Автоматизация технологических процессов

Dettagli Bibliografici
Parent link:Электротехника, электромеханика и электротехнологии: труды IX региональной научно-практической студенческой конференции, 2-5 июня 2009 г., Томск/ Томский политехнический университет (ТПУ), Электротехнический институт (ЭЛТИ).— , 2009
Т. 2: Секция 3-7. Электропривод. Автоматизация технологических процессов.— 2009.— С. 77-80
Autore principale: Пшеничных А. А.
Altri autori: Чернышёв И. А. (научный руководитель)
Lingua:russo
Pubblicazione: 2009
Soggetti:
Natura: Capitolo di libro
KOHA link:https://koha.lib.tpu.ru/cgi-bin/koha/opac-detail.pl?biblionumber=198251

MARC

LEADER 00000naa2a2200000 4500
001 198251
005 20231031183939.0
035 |a (RuTPU)RU\TPU\book\216238 
090 |a 198251 
100 |a 20110627d2009 k y0rusy50 ca 
101 0 |a rus 
102 |a RU 
200 1 |a Электропривод переменного тока газоперекачивающего агрегата ЭГПА-4  |f А. А. Пшеничных  |g науч. рук. И. А. Чернышёв 
320 |a Библиогр.: 1 назв. 
461 1 |0 (RuTPU)RU\TPU\book\209139  |t Электротехника, электромеханика и электротехнологии  |o труды IX региональной научно-практической студенческой конференции, 2-5 июня 2009 г., Томск  |f Томский политехнический университет (ТПУ), Электротехнический институт (ЭЛТИ)  |d 2009 
463 0 |0 (RuTPU)RU\TPU\book\208722  |t Т. 2: Секция 3-7. Электропривод. Автоматизация технологических процессов  |v С. 77-80  |d 2009  |p 256 с. 
610 1 |a газоперекачивающие агрегаты 
610 1 |a электроприводы переменного тока 
610 1 |a имитационные модели 
610 1 |a труды учёных ТПУ 
700 1 |a Пшеничных  |b А. А. 
702 1 |a Чернышёв  |b И. А.  |4 727 
801 1 |a RU  |b 63413507  |c 20110627 
801 2 |a RU  |b 63413507  |c 20111122  |g RCR 
942 |c BK